000 00546nam a22001817a 4500
003 CEME
005 20210628203006.0
008 210119b xxu||||| |||| 00| 0 eng d
020 _a0-7879-6500-6
040 _c.
082 _a658.3124 DES
100 _aDessinger, Joan Conway, Moseley, James L
_962765
245 _aConfirmative evaluation, practical strategies for valuing continuous improvement
260 _aNEW YORK
_bPFEIFFER
_c2004
300 _aXXVI,228 P
650 _aEMPLOYEES - TRAINING OF- EVALUTATION
_962766
942 _cBK
_2ddc
999 _c571768
_d571768